| 000 -ლიდერი |
| ფიქსირებული სიგრძის საკონტროლო ველი |
01006nam a2200217Ia 4500 |
| 001 - საკონტროლო ნომერი |
| საკონტროლო ველი |
16548 |
| 003 - საკონტროლო ნომრის იდენტიფიკატორი |
| საკონტროლო ველი |
GE_BSU |
| 005 - ბოლო ოპერაციის თარიღი და დრო |
| საკონტროლო ველი |
20250121115643.0 |
| 008 - ფიქსირებული სიგრძის მონაცემთა ელემენტები - ზოგადი ინფორმაცია |
| ფიქსირებული სიგრძის საკონტროლო ველი |
181216s1966||||ge |||||||||||||| ||geo|| |
| 040 ## - კატალოგიზაციის წყარო |
| Transcribing agency |
GE_BSU |
| 041 ## - ენის კოდი |
| Language code of text/sound track or separate title |
geo |
| 080 ## - უნივერსალური ათობითი კლასიფიკაციის ინდექსი |
| Universal Decimal Classification number |
82.0 ლ-68 |
| 245 ## - ცნობა სათაურის შესახებ |
| Title |
ლიტერატურის თეორიისა და ესთეტიკის საკითხები. 3 = Вопросы эстетики и теории / |
| Statement of responsibility, etc |
რედ. მ. დუდუჩავა ; მხატვ. კ. ყარაშვილი |
| 264 ## - წარმოების, გამოცემის, დისტრიბუციის და სხვა ცნობები |
| გამოცემის, წარმოების, დისტრიბუციის... ადგილი |
თბილისი : |
| გამოცემის, წარმოების, დისტრიბუციის... სახელწოდება |
მეცნიერება, |
| გამოცემის, წარმოების, დისტრიბუციის... თარიღი |
1966. |
| 300 ## - ფიზიკური აღწერა |
| Extent |
222 გვ. ; |
| Dimensions |
21 სმ. |
| 653 ## - INDEX TERM--UNCONTROLLED |
| Uncontrolled term |
ლიტერატურის თეორიისა და ესთეტიკის საკითხები |
| 700 ## - ADDED ENTRY--PERSONAL NAME |
| Personal name |
დუდუჩავა, მ. |
| Relator term |
რედაქტორი |
| 9 (RLIN) |
18901 |
| 700 ## - ADDED ENTRY--PERSONAL NAME |
| Personal name |
ყარაშვილი, კ. |
| Relator term |
მხატვარი |
| 9 (RLIN) |
24081 |
| 942 ## - ADDED ENTRY ELEMENTS (KOHA) |
| Koha item type |
წიგნი |
| Source of classification or shelving scheme |
|